000 00747nam a2200193 u 4500
001 000685253
003 AM-YeHGA
005 20250617142236.0
008 090923s1974 ai | |||||||||||||rus|d
040 _aAM-YeHGA
041 0 _arus
100 1 _aГерш, Григорий Исаакович
245 1 0 _aЭлектрооборудование тракторов и комбайнов /
_cГ.И. Герш.
260 _aМосква :
_bРоссельхозиздат,
_c1974.
300 _a112 с. :
_bтабл., схемы ;
_c19 см.
650 1 4 _aСельскохозяйственные машины и орудия
650 1 4 _aПроизводство энергии для сельского хозяйства
090 _c255667
999 _c254068
_d254068